00000000cas 2200000zi 4500
0019.942632
003CaOODSP
00520260123105402
006m     o  d f      
007cr cn ||||||||
008240829c20249999onctr p o    f0   a0eng|d
022 |a2818-9043
040 |aCaOODSP|beng|erda|cCaOODSP
043 |an-cn---
0861 |aT91-11E-PDF
1101 |aCanada. |bHousing, Infrastructure and Communities Canada, |eauthor, |eissuing body.
222 0|aQuarterly financial report for the quarter ended ... |b(Canada. Housing, Infrastructure and Communities Canada)
24510|aQuarterly financial report for the quarter ended ... / |cHousing, Infrastructure and Communities Canada (HICC).
264 1|a[Ottawa] : |bHousing, Infrastructure and Communities Canada (HICC), |c[2024]-
310 |aThree times a year
3621 |aBegan with: September 30, 2024.
500 |aIssued also in French under title: Rapport financier trimestriel pour le trimestre terminé le ...
588 |aDescription based on: September 30, 2024; title from PDF caption.
588 |aLatest issue consulted: September 30, 2024.
61010|aCanada. |bHousing, Infrastructure and Communities Canada|vPeriodicals.
650 0|aFinance, Public|zCanada|vPeriodicals.
655 7|aPeriodicals|2lcgft
77508|tRapport financier trimestriel pour le trimestre terminé le ... / |w(CaOODSP)9.942633
78000|tQuarterly financial report for the quarter ended ... / |w(CaOODSP)9.916048